Foreign employees in nineteenth-century Japan

保存先:
書誌詳細
第一著者: Beauchamp, Edward R.
フォーマット: 図書
言語:Undetermined
出版事項: Boulder Westview Press 1990
主題:
タグ: タグ追加
タグなし, このレコードへの初めてのタグを付けませんか!
Thư viện lưu trữ: Trung tâm Học liệu Trường Đại học Cần Thơ
LEADER 00633nam a2200217Ia 4500
001 CTU_88550
008 210402s9999 xx 000 0 und d
082 |a 331.6 
082 |b B372 
100 |a Beauchamp, Edward R. 
245 0 |a Foreign employees in nineteenth-century Japan 
245 0 |c Edward R. Beauchamp and Akira Iriye 
260 |a Boulder 
260 |b Westview Press 
260 |c 1990 
650 |a Alien labor,Technology transfer 
650 |x History,History 
650 |y 19th century.,19th century 
650 |z Japan,Japan 
904 |i Năm,Hải 
980 |a Trung tâm Học liệu Trường Đại học Cần Thơ